| 000 | 00738nam a2200229 u 4500 | ||
|---|---|---|---|
| 005 | 20250924063909.0 | ||
| 008 | 160826s2013 ag r 000 0 spa d | ||
| 020 | _a9789876910903 | ||
| 035 | _aUPN01000212634 | ||
| 049 | _aCG | ||
| 050 | 4 |
_aLB1028.5 _bA8.3 |
|
| 100 | 1 |
_aAvalos, Mariano _939640 |
|
| 245 | 1 | 1 |
_a¿Cómo integrar las TIC en la escuela del siglo XXI? : _bde Clementina a las tablets / _cMariano Avalos. |
| 260 |
_aBuenos Aires : _bBiblos, _c2013. |
||
| 300 |
_a124 p. : _bcuadros |
||
| 440 | 0 | _aRespuestas | |
| 650 | 4 |
_aEnseñanza asistida por computadora _94965 |
|
| 650 | 4 |
_aTecnologías de la información y comunicación _921219 |
|
| 650 | 4 |
_aInternet en la educación _9602 |
|
| 905 | _aLibro | ||
| 999 |
_c184734 _d184734 |
||